| 000 | 01032nam a22001817a 4500 | ||
|---|---|---|---|
| 003 | PILC | ||
| 005 | 20151105155143.0 | ||
| 008 | 150507b xxu||||| |||| 00| 0 eng d | ||
| 020 | _a978-1-921972-34-8 | ||
| 050 |
_aQA 273 _b.Q7di 2014 |
||
| 100 | _aQuinn, Catherine | ||
| 245 |
_aMathematics for international students : _bmathematics HL options : discrete mathematics _cby Catherine Quinn, Peter Blythe, Chris Sangwin, Robert Haese and Michael Haese. |
||
| 260 |
_aAustralia _bHaese & Harris Publications _c2014 |
||
| 300 |
_a237 pages., _bcolor illustrations., _c; 21 cm |
||
| 650 |
_2discrete mathematics _amathematical induction -- recurrence relations -- divisibility,prime numbers and division of algorithm -- GCD,LCM and Euclidean algorithm -- prime numbers -- congruences -- chinese remainder theorem -- fermat's little theorem -- pigeonhole principles -- dirichlet's principle -- |
||
| 700 | _aBlythe, Peter., Sangwin, Chris., Haese, Robert., Haese, Michael | ||
| 942 |
_2lcc _cBK _hQA 273 .Q7di 2014 |
||
| 999 |
_c283879 _d283879 |
||